Estudios de crítica literaria. (Record no. 159430)

MARC details
000 -LEADER
campo de control de longitud fija 01254nam a2200229 i 4500
001 - NÚMERO DE CONTROL
campo de control 159430
003 - IDENTIFICADOR DE NÚMERO DE CONTROL
campo de control ES-MaACL
005 - FECHA Y HORA DE LA ÚLTIMA TRANSACCIÓN
campo de control 20231228063237.0
008 - DATOS DE LONGITUD FIJA--INFORMACIÓN GENERAL
campo de control de longitud fija 960909s1908 sp |||| | spa d
080 ## - NÚMERO DE LA CLASIFICACIÓN DECIMAL UNIVERSAL
Número de la Clasificación Decimal Universal 821.134.2.09
100 1# - ENTRADA PRINCIPAL--NOMBRE DE PERSONA
Nombre de persona Menéndez y Pelayo, Marcelino,
Fechas asociadas al nombre 1856-1912
9 (RLIN) 80332
245 10 - MENCIÓN DEL TÍTULO
Título Estudios de crítica literaria.
Número de parte o sección de la obra Quinta serie /
Mención de responsabilidad, etc. Menéndez y Pelayo.
260 ## - PUBLICACIÓN, DISTRIBUCIÓN, ETC.
Lugar de publicación, distribución, etc. Madrid :
Nombre del editor, distribuidor, etc. [s. n.],
Fecha de publicación, distribución, etc. 1908 (
Fabricante Tip. de la Revista de Archivos)
300 ## - DESCRIPCIÓN FÍSICA
Extensión [6], 473 p., [1] h. ;
Dimensiones 17 cm.
490 1# - MENCIÓN DE SERIE
Mención de serie Colección de escritores castellanos. Críticos. Obras completas de M. Menéndez y Pelayo ;
Designación de volumen o secuencia v. 137
505 8# - NOTA DE CONTENIDO CON FORMATO
Nota de contenido con formato Contiene: El Dr. D. Manuel Milá y Fontanals ; Don Benito Pérez Galdós, considerado como novelista ; La doncella Teodor ; Interpretaciones del Quijote ; Don Francisco Rodríguez Marín ; Don Manuel José Quintana, considerado como poeta lírico ; Don José María de Pereda ; Don Leopoldo Augusto de Cueto
597 ## - NOTA DE DESCRIPCIÓN FÍSICA
NOTA DE DESCRIPCIÓN FÍSICA Port. a dos tintas con orla tip.
650 #4 - PUNTO DE ACCESO ADICIONAL DE MATERIA--TÉRMINO DE MATERIA
Término de materia o nombre geográfico como elemento de entrada Literatura española-
Subdivisión general Historia y crítica
9 (RLIN) 14560
830 1# - PUNTO DE ACCESO ADICIONAL DE SERIE-TÍTULO UNIFORME
Título uniforme Colección de escritores castellanos. Críticos. Obras completas de M. Menéndez y Pelayo
Designación de volumen o secuencia v. 137
9 (RLIN) 188202
852 ## - LOCALIZACIÓN
Ubicación ES-MaACL
Número de control de estantería F-12648
Nota libre - Enc. hol.
Holdings
Estatus retirado Estado de pérdida Estado de daño No para préstamo Biblioteca de origen Biblioteca actual Ubicación en estantería Fecha de adquisición Fuente de adquisición Total de préstamos Signatura topográfica completa Código de barras Visto por última vez Precio de reemplazo Tipo de ítem Koha
        Biblioteca del Ateneo de Madrid Biblioteca del Ateneo de Madrid Sala Pecera Planta 2 17/01/2008     F-12648 1166903 23/02/2023 23/02/2023 Libro impreso